| 000 | 00786nas a2200253 4500 | ||
|---|---|---|---|
| 001 | BR9211167 | ||
| 003 | BR-BrBNA | ||
| 005 | 20231205093437.0 | ||
| 007 | ta | ||
| 008 | 230509b bl.|||p| |||| 00| 00por d | ||
| 040 |
_aBR-BrBNA _bpor _cBiblioteca Nacional de Agricultura |
||
| 041 | _a(Pt) | ||
| 072 | _aH60 | ||
| 100 | 1 | _aSajo, M. das G. | |
| 100 | 1 | _aMenezes, N.L. de | |
| 245 | 1 | _aAnatomia do rizoforo de especies de Vernonia Screb. (Compositae)da Serra do Cipo, Minas Gerais | |
| 650 | _aASSA-PEIXE | ||
| 650 | _aANATOMIA VEGETAL | ||
| 650 | _aCRESCIMENTO | ||
| 650 | _aMINAS GERAIS | ||
| 773 | 0 |
_tRevista Brasileira de Biologia (Brazil) _xISSN 0034-7108 _g(Feb 1986), v. 46(1) p. 189-196 _wBR9211167 |
|
| 909 |
_a202311 _bLúcia _c55 _dLúcia Elande |
||
| 942 |
_2AGRIS _n0 _cANA |
||
| 999 |
_c138376 _d138376 |
||